LIBRARY & INFORMATION CENTRE, KCAET, TAVANUR

ONLINE PUBLIC ACCESS CATALOGUE (OPAC)

Hydrology And Watershed Management - III, Vol- II (Record no. 14461)

MARC details
000 -LEADER
fixed length control field 00341nam a22001337a 4500
020 ## - INTERNATIONAL STANDARD BOOK NUMBER
ISBN 9788178002248
082 ## - DEWEY DECIMAL CLASSIFICATION NUMBER
Classification number 551.49
Item number SAR/HY
245 ## - TITLE STATEMENT
Title Hydrology And Watershed Management - III, Vol- II
260 ## - PUBLICATION, DISTRIBUTION, ETC. (IMPRINT)
Place of publication Hyderabad
Name of publisher BS Publications
Year of publication 2010
300 ## - PHYSICAL DESCRIPTION
Number of Pages 1453
700 ## - ADDED ENTRY--PERSONAL NAME
Personal name Sarala,C
700 ## - ADDED ENTRY--PERSONAL NAME
Personal name Venkateswara Rao,B
942 ## - ADDED ENTRY ELEMENTS (KOHA)
Koha item type Books
Holdings
Withdrawn status Lost status Damaged status Collection code Home library Current library Shelving location Date acquired Source of acquisition Cost, normal purchase price Full call number Accession Number Koha item type
        KAUAET KAUAET General Stacks 04/07/2016 Aman Book Stall, Calicut 2995.00 555.49 SAR/HY 24668 Books
free website counter